000 00497nam a2200205Ia 4500
008 210210b2003 xxu||||| |||| 00| 0 eng d
020 _a0761996672
041 _aeng
082 _a303.62 PUNC
100 _aPUNIYANI (Ram)
245 _aCommunal politics: facts versus myths
260 _aNew Delhi
_bSage Publications
_c2003
300 _a309
650 _aversus
650 _apolitics:Facts
650 _amyths
650 _aCommunal
690 _aSocial Processes
906 _a065978
999 _c147409
_d147409